[Event "Titled Tuesday intern op 30th Jan Early"]
[Site "Chess.com INT"]
[Date "2024.01.30"]
[Round "5"]
[White "Xhembulla, Aleksander"]
[Black "Pranav, Anand"]
[Result "0-1"]
[WhiteElo "2156"]
[BlackElo "2513"]
[PlyCount "96"]
[EventDate "2024.01.30"]
[EventType "swiss (blitz)"]
[EventRounds "11"]
[EventCountry "USA"]
[SourceTitle "EXT 2025"]
[Source "ChessBase"]
[SourceDate "2024.10.14"]
[SourceVersion "1"]
[SourceVersionDate "2024.10.14"]
[SourceQuality "1"]

1. e4 c5 2. c3 d5 3. exd5 Qxd5 4. Nf3 g6 5. d4 Bg7 6. Na3 Nf6 7. Nb5 Na6 8. Be2 0-0 9. 0-0 cxd4 10. Qxd4 Qh5 11. Qf4 Bg4 12. Nbd4 Rfe8 13. Qg5 e5 14. Qxh5 Nxh5 15. Nb5 Re7 16. h3 Bd7 17. Be3 e4 18. Nd2 f5 19. Bg5 Bf6 20. Bxf6 Nxf6 21. Nb3 f4 22. Rfe1 g5 23. Rad1 Kg7 24. Nd6 Be6 25. Bxa6 bxa6 26. Nc5 Kg6 27. Ndxe4 Bxa2 28. Rd6 Rf8 29. Ra1 Bc4 30. b3 Be2 31. Ra2 f3 32. gxf3 Bxf3 33. Nxf6 Rxf6 34. Rxf6+ Kxf6 35. Rxa6+ Kf5 36. Kh2 h5 37. Kg3 Bd5 38. c4 h4+ 39. Kh2 Bf3 40. Ra5 Kg6 41. Ra6+ Kf7 42. Nd3 Be2 43. Rd6 Bf3 44. c5 Re6 45. Rd4 Ke7 46. b4 Re2 47. b5 Rd2 48. c6 Rd1 0-1

[Event "Titled Tuesday intern op 09th Jan Late"]
[Site "Chess.com INT"]
[Date "2024.01.09"]
[Round "2"]
[White "Chigaev, Maksim"]
[Black "Xhembulla, Aleksander"]
[Result "1-0"]
[WhiteElo "2622"]
[BlackElo "2156"]
[PlyCount "75"]
[EventDate "2024.01.09"]
[EventType "swiss (blitz)"]
[EventRounds "11"]
[EventCountry "USA"]
[SourceTitle "EXT 2025"]
[Source "ChessBase"]
[SourceDate "2024.10.14"]
[SourceVersion "1"]
[SourceVersionDate "2024.10.14"]
[SourceQuality "1"]

1. c4 Nf6 2. g3 e5 3. Bg2 c6 4. d4 e4 5. d5 Bb4+ 6. Bd2 Qa5 7. d6 0-0 8. a3 Bxd2+ 9. Qxd2 Qe5 10. Nc3 Na6 11. b4 Re8 12. f4 exf3 13. Nxf3 Qh5 14. 0-0 b6 15. e4 Ng4 16. Rae1 Ne5 17. Nxe5 Qxe5 18. Rf5 Qe6 19. Ref1 Qxc4 20. Rxf7 Qxf7 21. Rxf7 Kxf7 22. e5 Bb7 23. Ne4 h6 24. Qf4+ Kg8 25. Qg4 Rxe5 26. Qxd7 Rb8 27. h4 c5 28. Nf6+ gxf6 29. Bxb7 Nxb4 30. axb4 cxb4 31. Qc7 Rf8 32. d7 Re1+ 33. Kf2 Rd1 34. Bf3 Rd4 35. Ke3 b3 36. Kxd4 b2 37. Be4 f5 38. Bb1 1-0

[Event "Titled Tuesday intern op 09th Jan Late"]
[Site "Chess.com INT"]
[Date "2024.01.09"]
[Round "3"]
[White "Xhembulla, Aleksander"]
[Black "Ezat, Mohamed Mahmoud"]
[Result "1-0"]
[WhiteElo "2156"]
[BlackElo "2349"]
[PlyCount "43"]
[EventDate "2024.01.09"]
[EventType "swiss (blitz)"]
[EventRounds "11"]
[EventCountry "USA"]
[SourceTitle "EXT 2025"]
[Source "ChessBase"]
[SourceDate "2024.10.14"]
[SourceVersion "1"]
[SourceVersionDate "2024.10.14"]
[SourceQuality "1"]

1. e4 e5 2. Nf3 Nc6 3. Bc4 Nf6 4. d3 h6 5. c3 d6 6. Nbd2 g5 7. Nf1 Bg7 8. Ne3 Ne7 9. 0-0 Ng6 10. Re1 g4 11. Nd2 h5 12. Nf5 Bxf5 13. exf5 Ne7 14. d4 exd4 15. cxd4 0-0 16. Bd3 Nc6 17. Ne4 Nxd4 18. Bg5 Nxf5 19. Qc1 Nd4 20. Bxf6 Bxf6 21. Qh6 Bg7 22. Nf6+ 1-0

[Event "Titled Tuesday intern op 19th Dec Early"]
[Site "Chess.com INT"]
[Date "2023.12.19"]
[Round "2"]
[White "Shapiro, Daniel E"]
[Black "Xhembulla, Aleksander"]
[Result "0-1"]
[WhiteElo "2284"]
[BlackElo "2168"]
[PlyCount "66"]
[EventDate "2023.12.19"]
[EventType "swiss (blitz)"]
[EventRounds "11"]
[EventCountry "USA"]
[SourceTitle "CBM 217 Extra"]
[Source "ChessBase"]
[SourceDate "2024.01.31"]
[SourceVersion "1"]
[SourceVersionDate "2024.01.31"]
[SourceQuality "1"]

1. d4 Nf6 2. c4 e6 3. g3 b6 4. Bg2 d5 5. Nc3 Bb7 6. Nf3 Be7 7. cxd5 exd5 8. 0-0 0-0 9. Qb3 a6 10. Bf4 Re8 11. Rac1 c5 12. dxc5 Bxc5 13. Ne5 Nbd7 14. Nd3 Rc8 15. Rfd1 Ba8 16. Nxd5 Ne4 17. Bh3 g5 18. Bxd7 gxf4 19. Nxc5 Nxc5 20. Qf3 Nxd7 21. Rxc8 Qxc8 22. Qg4+ Kh8 23. Nxf4 Ne5 24. Qh4 Qc6 25. f3 Qc5+ 26. Kg2 Qc6 27. Qg5 Ng6 28. Nh5 Rxe2+ 29. Kh3 Qe6+ 30. g4 Bc6 31. Rd8+ Be8 32. Nf6 Qc6 33. Nxe8 Rxe8 0-1

[Event "Titled Tuesday intern op 19th Dec Early"]
[Site "Chess.com INT"]
[Date "2023.12.19"]
[Round "3"]
[White "Xhembulla, Aleksander"]
[Black "Bernadskiy, Vitaliy"]
[Result "0-1"]
[WhiteElo "2168"]
[BlackElo "2558"]
[PlyCount "114"]
[EventDate "2023.12.19"]
[EventType "swiss (blitz)"]
[EventRounds "11"]
[EventCountry "USA"]
[SourceTitle "CBM 217 Extra"]
[Source "ChessBase"]
[SourceDate "2024.01.31"]
[SourceVersion "1"]
[SourceVersionDate "2024.01.31"]
[SourceQuality "1"]

1. e4 Nf6 2. e5 Nd5 3. d4 Nb6 4. Nf3 d5 5. exd6 cxd6 6. Be2 g6 7. 0-0 Bg7 8. Re1 0-0 9. h3 Nc6 10. d5 Nb4 11. c4 Bf5 12. Na3 Rc8 13. Nd4 Bd7 14. Bg5 Re8 15. Bf1 Na4 16. Qd2 a5 17. Nab5 Bxb5 18. cxb5 Qb6 19. Rad1 Nxd5 20. Nf5 gxf5 21. Qxd5 Nxb2 22. Be3 Qd8 23. Rb1 Qd7 24. Qb3 a4 25. Qb4 Bc3 26. Qh4 a3 27. Rec1 Bg7 28. Qb4 Ra8 29. b6 Qa4 30. Qxa4 Nxa4 31. Rc7 Nc3 32. Re1 Nxa2 33. Rxb7 Nb4 34. Rc7 a2 35. b7 Rab8 36. Bd2 Nd5 37. Rd7 a1Q 38. Rxa1 Bxa1 39. Ba5 Bc3 40. Bxc3 Nxc3 41. Bc4 d5 42. Bb3 e6 43. Rc7 Nb5 44. Rd7 Nd6 45. Rxd6 Rxb7 46. Bc2 Kf8 47. Bd3 Rc8 48. Ra6 Ke7 49. Kh2 Rc3 50. Be2 Rb2 51. Bh5 Rc7 52. Kg3 Rd7 53. Ra8 d4 54. Rh8 d3 55. Rxh7 Kf8 56. Rh8+ Kg7 57. Rc8 d2 0-1

[Event "Titled Tuesday intern op 19th Dec Early"]
[Site "Chess.com INT"]
[Date "2023.12.19"]
[Round "6"]
[White "Xhembulla, Aleksander"]
[Black "Ljukin, Sergei"]
[Result "1-0"]
[WhiteElo "2168"]
[BlackElo "2362"]
[PlyCount "87"]
[EventDate "2023.12.19"]
[EventType "swiss (blitz)"]
[EventRounds "11"]
[EventCountry "USA"]
[SourceTitle "CBM 217 Extra"]
[Source "ChessBase"]
[SourceDate "2024.01.31"]
[SourceVersion "1"]
[SourceVersionDate "2024.01.31"]
[SourceQuality "1"]

1. e4 e6 2. d4 d5 3. Nd2 Nf6 4. e5 Nfd7 5. Bd3 c5 6. c3 Nc6 7. Ne2 cxd4 8. cxd4 f6 9. exf6 Nxf6 10. Nf3 Bd6 11. 0-0 Qc7 12. Bg5 0-0 13. Bh4 Nh5 14. Rc1 h6 15. Bb1 g5 16. Bg3 Nxg3 17. Nxg3 Qf7 18. a3 Bd7 19. Qd3 Rae8 20. Rce1 a6 21. Nh5 Re7 22. Ng3 Na5 23. Qd1 Bb5 24. Bd3 Bxd3 25. Qxd3 Nc4 26. Re2 Rfe8 27. Rfe1 Rc7 28. a4 Bb4 29. Rd1 Bd6 30. b3 Na5 31. Rde1 Bb4 32. Ne5 Qh7 33. Qxh7+ Kxh7 34. Rf1 Nc6 35. Nxc6 Rxc6 36. f4 gxf4 37. Rxf4 Kg6 38. h4 Bd6 39. Rg4+ Kh7 40. Nh5 Rf8 41. g3 Rc1+ 42. Kg2 Rc3 43. Rxe6 Rc2+ 44. Kh3 1-0

[Event "Titled Tuesday intern op 21st Nov Late"]
[Site "Chess.com INT"]
[Date "2023.11.21"]
[Round "1"]
[White "Bernat, David"]
[Black "Xhembulla, Aleksander"]
[Result "0-1"]
[WhiteElo "1862"]
[BlackElo "2168"]
[PlyCount "108"]
[EventDate "2023.11.21"]
[EventType "swiss (blitz)"]
[EventRounds "11"]
[EventCountry "USA"]
[SourceTitle "EXT 2025"]
[Source "ChessBase"]
[SourceDate "2024.10.14"]
[SourceVersion "1"]
[SourceVersionDate "2024.10.14"]
[SourceQuality "1"]

1. c4 e5 2. Nc3 Nf6 3. g3 Bc5 4. Bg2 0-0 5. e3 a5 6. Nge2 Re8 7. 0-0 Ba7 8. d4 d6 9. h3 Nc6 10. b3 exd4 11. exd4 Bf5 12. g4 Bg6 13. f4 Ne4 14. Nd5 f5 15. Bb2 Qd7 16. Bxe4 Rxe4 17. Ng3 Bxd4+ 18. Bxd4 Rxd4 19. Qf3 Rf8 20. Rae1 fxg4 21. hxg4 Ne5 22. Qe3 Rd3 23. Qe2 Rxg3+ 24. Kh2 Rxg4 25. fxe5 Rh4+ 26. Kg1 Qg4+ 27. Qxg4 Rxg4+ 28. Kh2 Rd8 29. e6 c6 30. e7 Re8 31. Nc7 Rb8 32. e8Q+ Bxe8 33. Nxe8 Rd4 34. Nc7 Rd2+ 35. Kg3 Rc8 36. Ne6 Rxa2 37. Ng5 h6 38. Ne4 Ra3 39. Nf2 Rxb3+ 40. Kg2 a4 41. Re7 Rf8 42. Rfe1 Rb2 43. R1e2 Rxe2 44. Rxe2 b5 45. Ra2 Rf4 46. cxb5 cxb5 47. Rd2 b4 48. Rxd6 b3 49. Rd8+ Kf7 50. Nd3 Rf5 51. Nc5 Rxc5 52. Ra8 b2 53. Ra7+ Kg6 54. Rxa4 b1Q 0-1

[Event "Titled Tuesday intern op 21st Nov Late"]
[Site "Chess.com INT"]
[Date "2023.11.21"]
[Round "2"]
[White "Xhembulla, Aleksander"]
[Black "Saim, Mohamed Ilias"]
[Result "0-1"]
[WhiteElo "2168"]
[BlackElo "2169"]
[PlyCount "52"]
[EventDate "2023.11.21"]
[EventType "swiss (blitz)"]
[EventRounds "11"]
[EventCountry "USA"]
[SourceTitle "EXT 2025"]
[Source "ChessBase"]
[SourceDate "2024.10.14"]
[SourceVersion "1"]
[SourceVersionDate "2024.10.14"]
[SourceQuality "1"]

1. e4 c5 2. c3 d5 3. exd5 Qxd5 4. Nf3 Nf6 5. Na3 a6 6. Nc2 e5 7. Ne3 Qd6 8. d4 exd4 9. cxd4 cxd4 10. Qxd4 Qxd4 11. Nxd4 Bc5 12. Nb3 Bb4+ 13. Bd2 Bxd2+ 14. Nxd2 0-0 15. Ndc4 Nbd7 16. 0-0-0 b5 17. Nd6 Ne5 18. Nxc8 Raxc8+ 19. Kb1 Ne4 20. Re1 Nxf2 21. Rg1 Rfd8 22. Be2 Rd2 23. Nd1 Nxd1 24. Bxd1 Nd3 25. Bg4 Nxe1 26. Bxc8 Rd1# 0-1

[Event "Titled Tuesday intern op 07th Nov Late"]
[Site "Chess.com INT"]
[Date "2023.11.07"]
[Round "1"]
[White "Garrido, Denis"]
[Black "Xhembulla, Aleksander"]
[Result "1-0"]
[WhiteElo "2227"]
[BlackElo "2168"]
[PlyCount "113"]
[EventDate "2023.11.07"]
[EventType "swiss (blitz)"]
[EventRounds "11"]
[EventCountry "USA"]
[SourceTitle "EXT 2025"]
[Source "ChessBase"]
[SourceDate "2024.10.14"]
[SourceVersion "1"]
[SourceVersionDate "2024.10.14"]
[SourceQuality "1"]

1. e4 e5 2. Nf3 Nc6 3. Bb5 a6 4. Ba4 Nf6 5. 0-0 Be7 6. d3 b5 7. Bb3 d6 8. c3 0-0 9. a4 Bd7 10. Bc2 h6 11. Re1 Re8 12. h3 Bf8 13. Nbd2 b4 14. Nc4 Rb8 15. a5 Qc8 16. d4 exd4 17. cxd4 d5 18. exd5 Nxd5 19. Nce5 Nxe5 20. Nxe5 Bf5 21. Bb3 c6 22. Qf3 Be6 23. Bd2 Bd6 24. Rac1 Bxe5 25. Rxe5 Rb5 26. Qg3 Kh8 27. Rh5 Qc7 28. Qh4 Qe7 29. Bg5 Nf6 30. Rxh6+ gxh6 31. Qxh6+ Kg8 32. Bxf6 Qxf6 33. Qxf6 Bxb3 34. Qxc6 Re6 35. Qc8+ Kg7 36. Rc5 Rxc5 37. dxc5 Bd5 38. Qd7 Bc6 39. Qd4+ Kg8 40. Qxb4 Bb5 41. Qd4 Kf8 42. b4 Kg8 43. g4 Kf8 44. f4 Kg8 45. h4 Kh7 46. h5 Re1+ 47. Kf2 Re2+ 48. Kg3 Re6 49. g5 f6 50. Kg4 Be2+ 51. Kg3 Bb5 52. g6+ Kg7 53. f5 Re5 54. Qf4 Bd7 55. h6+ Kg8 56. Qc4+ Kf8 57. g7+ 1-0

[Event "Titled Tuesday intern op 26th Sep Late"]
[Site "Chess.com INT"]
[Date "2023.09.26"]
[Round "11"]
[White "Janaszak, Dawid"]
[Black "Xhembulla, Aleksander"]
[Result "1-0"]
[WhiteElo "2302"]
[BlackElo "2194"]
[PlyCount "79"]
[EventDate "2023.09.26"]
[EventType "swiss (blitz)"]
[EventRounds "11"]
[EventCountry "USA"]
[SourceTitle "EXT 2024"]
[Source "ChessBase"]
[SourceDate "2023.10.10"]
[SourceVersion "1"]
[SourceVersionDate "2023.10.10"]
[SourceQuality "1"]

1. d4 Nf6 2. Bf4 c5 3. d5 d6 4. Nc3 g6 5. e4 Bg7 6. Bb5+ Nbd7 7. a4 0-0 8. Nf3 a6 9. Bd3 Nh5 10. Bg5 Ne5 11. 0-0 Bg4 12. Be2 Bxf3 13. Bxf3 Nxf3+ 14. Qxf3 Bf6 15. Bd2 Rb8 16. a5 Bd4 17. Ra2 Nf6 18. Ne2 Be5 19. Bc3 Nd7 20. Qd3 Bxc3 21. Nxc3 Qc7 22. f4 c4 23. Qh3 b5 24. Kh1 b4 25. Ne2 b3 26. cxb3 cxb3 27. Ra3 Nc5 28. Qe3 Rb4 29. Nd4 Rfb8 30. f5 Rf8 31. h4 Rc4 32. h5 gxh5 33. f6 exf6 34. Nf5 Rxe4 35. Qh6 Rg4 36. Qxf6 Rg6 37. Ne7+ Qxe7 38. Qxe7 Kg7 39. Raa1 Rc8 40. Rxf7+ 1-0

[Event "Titled Tuesday intern op 26th Sep Late"]
[Site "Chess.com INT"]
[Date "2023.09.26"]
[Round "2"]
[White "Moroni, Luca Jr"]
[Black "Xhembulla, Aleksander"]
[Result "1-0"]
[WhiteElo "2571"]
[BlackElo "2194"]
[PlyCount "81"]
[EventDate "2023.09.26"]
[EventType "swiss (blitz)"]
[EventRounds "11"]
[EventCountry "USA"]
[SourceTitle "EXT 2024"]
[Source "ChessBase"]
[SourceDate "2023.10.10"]
[SourceVersion "1"]
[SourceVersionDate "2023.10.10"]
[SourceQuality "1"]

1. d4 Nf6 2. Bf4 c5 3. e3 Qb6 4. Na3 Qxb2 5. Nb5 Nd5 6. Rb1 Qxa2 7. Nc7+ Nxc7 8. Bxc7 cxd4 9. exd4 b6 10. Nf3 Bb7 11. Be2 Qa5+ 12. Kf1 e6 13. Ne5 Be7 14. Bd3 Na6 15. Ra1 Qd5 16. f3 Nxc7 17. Be4 Qd6 18. Bxb7 Rb8 19. Be4 0-0 20. c3 f5 21. Nc4 Qf4 22. Bd3 a5 23. Ne5 Nd5 24. Qc1 Qxc1+ 25. Rxc1 Rfd8 26. Bb5 Rb7 27. c4 Nf6 28. Ke2 Bd6 29. Nd3 Rc8 30. Rb1 Kf7 31. Rhc1 Ke7 32. g3 g5 33. Ba4 Rbb8 34. Rb5 h5 35. Kf2 h4 36. Kg2 hxg3 37. hxg3 Nh5 38. Rh1 Nxg3 39. Rh7+ Kf6 40. Ne5 Ne2 41. Rf7# 1-0